Т. 6 (Запись № 13692141)

Подробности
000 -МАРКЕР
контрольное поле 02814nam2a2200337 4500
001 - ИДЕНТИФИКАТОР ЗАПИСИ
контрольное поле RU\NLR\BIBL_A\022630379
005 - ИДЕНТИФИКАТОР ВЕРСИИ
контрольное поле 20260426071714.0
010 ## - МЕЖДУНАРОДНЫЙ СТАНДАРТНЫЙ НОМЕР КНИГИ (ISBN)
Номер (ISBN) 978-5-91116-866-7
Уточнения т. 6
Тираж 100
021 ## - НОМЕР ГОСУДАРСТВЕННОЙ РЕГИСТРАЦИИ
Код страны Российская Федерация
Номер КН-П-25-047260
Номер Листа государственной регистраци КН-П-25-4589
035 ## - ДРУГИЕ СИСТЕМНЫЕ НОМЕРА
Идентификатор записи (NLR Aleph) 022630379
100 ## - ДАННЫЕ ОБЩЕЙ ОБРАБОТКИ
Данные общей обработки 20250925d2021 k y0rusy50 ca
101 0# - ЯЗЫК РЕСУРСА
Язык текста, звукозаписи и т.д. русский
102 ## - СТРАНА ПУБЛИКАЦИИ ИЛИ ПРОИЗВОДСТВА
Страна публикации Российская Федерация
105 ## - ПОЛЕ КОДИРОВАННЫХ ДАННЫХ: ТЕКСТОВЫЕ МАТЕРИАЛЫ, МОНОГРАФИЧЕСКИЕ
Кодированные данные о монографическом текстовом документе y z 100yy
200 0# - ЗАГЛАВИЕ И СВЕДЕНИЯ ОБ ОТВЕТСТВЕННОСТИ
Основное заглавие Т. 6
Сведения, относящиеся к заглавию материалы молодёжных научно-практических конференций "Актуальные проблемы современного образования" и "Физическая культура и спорт в современных социально-экономических условиях"
Первые сведения об ответственности ...[Институт образования и социальных наук]
Последующие сведения об ответственности ответственный редактор: Н. Ю. Шлат
210 ## - ПУБЛИКАЦИЯ, РАСПРОСТРАНЕНИЕ И ДР.
Дата издания, распространения и т.д. 2021
215 ## - ФИЗИЧЕСКАЯ ХАРАКТЕРИСТИКА
Специфическое обозначение материала и объем 213 с.
461 #0 - УРОВЕНЬ НАБОРА
Встроенное поле 001RU\NLR\BIBL_A\022629377
-- 2001#$aМолодёжь - науке. 2021$eматериалы молодёжных научно-практических конференций Псковского государственного университета по итогам научно-исследовательской работы в 2020/2021 учебном году$fМинистерство науки и высшего образования Российской Федерации, Псковский государственный университет...$vТ. 6
606 1# - НАИМЕНОВАНИЕ ТЕМЫ КАК ПРЕДМЕТ
Наименование темы Педагогика
Формальный подзаголовок Съезды, совещания и т.п
Системный номер авторитетной/нормативной записи 921924
Идентификатор авторитетной/нормативной записи RU\NLR\AUTH\6619222
606 1# - НАИМЕНОВАНИЕ ТЕМЫ КАК ПРЕДМЕТ
Наименование темы Физическая культура и спорт
Формальный подзаголовок Съезды, совещания и т.п
Хронологический подзаголовок 21 в.
Системный номер авторитетной/нормативной записи 2661375
Идентификатор авторитетной/нормативной записи RU\NLR\AUTH\6601749402
686 1# - ИНДЕКСЫ ДРУГИХ КЛАССИФИКАЦИЙ
Индекс Ч513(0)63я431
686 1# - ИНДЕКСЫ ДРУГИХ КЛАССИФИКАЦИЙ
Индекс Ч30я431
702 #1 - ИМЯ ЛИЦА - ВТОРИЧНАЯ ОТВЕТСТВЕННОСТЬ
Начальный элемент ввода Шлат
Часть имени, кроме начального элемента ввода Н. Ю.
Расширение инициалов личного имени Наталья Юрьевна
Код отношения Редактор
711 12 - НАИМЕНОВАНИЕ ОРГАНИЗАЦИИ - АЛЬТЕРНАТИВНАЯ ОТВЕТСТВЕННОСТЬ
Начальный элемент ввода "Актуальные проблемы современного образования", молодёжная научно-практическая конференция
Место проведения временной организации Псков
Дата проведения временной организации 2021
Системный номер авторитетной/нормативной записи 2679007
Идентификатор авторитетной/нормативной записи RU\NLR\AUTH\880631820
711 12 - НАИМЕНОВАНИЕ ОРГАНИЗАЦИИ - АЛЬТЕРНАТИВНАЯ ОТВЕТСТВЕННОСТЬ
Начальный элемент ввода "Физическая культура и спорт в современных социально-экономических условиях", молодёжная научно-практическая конференция
Место проведения временной организации Псков
Дата проведения временной организации 2021
Системный номер авторитетной/нормативной записи 2679010
Идентификатор авторитетной/нормативной записи RU\NLR\AUTH\880631823
712 02 - НАИМЕНОВАНИЕ ОРГАНИЗАЦИИ - ВТОРИЧНАЯ ОТВЕТСТВЕННОСТЬ
Код отношения Прочие
Начальный элемент ввода Псковский государственный университет
Структурное подразделение Институт образования и социальных наук
Системный номер авторитетной/нормативной записи 833490
Идентификатор авторитетной/нормативной записи RU\NLR\AUTH\880583806
942 ## - ДОПОЛНИТЕЛЬНЫЕ ЭЛЕМЕНТЫ ЗАПИСИ (АБИС)
Тип экземпляра АБИС Книга
980 ## - КОЛЛЕКЦИЯ
Название коллекции Национальная библиография

Нет доступных экземпляров.